000 00665nam a2200277Ia 4500
001 Z_2534
003 CHAP
008 220113s1973 xx 000 0 und d
010 _a165593
040 _cCHAP
082 _a574.192 W4
100 _aWhite, Abraham
_9121674
245 _aPrinciples of biochemistry /
_cby Abraham White and Emil L. Smith
260 _aNew York :
_bMc Graw-Hill,
_c1973
300 _a1296 p.
440 _a
500 _a
503 _a
650 _aBioquĂ­mica I. Handler, Philip II. Smith, Emil L. III. t.
_9139530
901 _a574.192 W4
902 _aA
910 _a1973
942 _c1
942 _cc1
999 _c165593
_d165593